书目信息 |
| 题名: |
纺织词典
|
|
| 作者: | 钱宝钧 主编 | |
| 分册: | ||
| 出版信息: | 上海 上海辞书出版社 1991.8 |
|
| 页数: | 1521 | |
| 开本: | 32 | |
| 丛书名: | ||
| 单 册: | ||
| 中图分类: | TS1-61 | |
| 科图分类: | ||
| 主题词: | ||
| 电子资源: | ||
| ISBN: | ||
| 000 | 00487nam0 2200181 45 | |
| 001 | 0181011348 | |
| 005 | 20061124092409.25 | |
| 010 | @b精装@dCNY48.00 | |
| 100 | @a20810111d km y0chiy0120 ea | |
| 101 | 0 | @achi |
| 105 | @a z 000yy | |
| 200 | 1 | @Afang zhi ci dian@Fqian bao jun@a纺织词典@f钱宝钧主编 |
| 210 | @a上海@c上海辞书出版社@d1991.8 | |
| 215 | @a1521@c无图表@d32 | |
| 690 | @aTS1-61@v3 | |
| 701 | 0 | @a钱宝钧@4主编 |
| 801 | @aCN@bTSTC@c20061124 | |
| 905 | @dTS1-61@e7@f1@b243243 | |
| 纺织词典/钱宝钧主编.-上海:上海辞书出版社,1991.8 |
| 1521:无图表;32 |
| ISBN (精装):CNY48.00 |
| ● |
| 相关链接 |
|
|
|
|
正题名:纺织词典
索取号:TS1-61/7
 
预约/预借
| 序号 | 登录号 | 条形码 | 馆藏地/架位号 | 状态 | 备注 |
| 1 | 0243243 | 202129829 | 第二样本阅览室/ [索取号:TS1-61/7] | 在馆 |